|
|
|
|
| LEADER |
00000naa2a2200000 4500 |
| 001 |
449867 |
| 005 |
20231101083233.0 |
| 035 |
|
|
|a (RuTPU)RU\TPU\prd\111978
|
| 035 |
|
|
|a RU\TPU\prd\41664
|
| 090 |
|
|
|a 449867
|
| 100 |
|
|
|a 20110608a2005 k y0rusy50 ca
|
| 101 |
0 |
|
|a rus
|
| 102 |
|
|
|a RU
|
| 200 |
1 |
|
|a Формирование микро- и мезоструктур в металлокерамических композитах при механическом нагружении
|f С. Н. Кульков
|
| 320 |
|
|
|a Библиогр.: 11 назв.
|
| 461 |
|
0 |
|0 (RuTPU)RU\TPU\prd\353
|x 1683-805X
|t Физическая мезомеханика
|f Институт физики прочности и материаловедения ; Российская академия наук (РАН), Сибирское отделение (СО), Институт физики прочности и материаловедения (ИФПМ)
|d 1998-
|
| 463 |
|
0 |
|0 (RuTPU)RU\TPU\prd\111971
|t Т. 8, № 6
|v с. 79-87
|d 2005
|
| 610 |
1 |
|
|a металлокерамические композиты
|
| 610 |
1 |
|
|a деформация
|
| 610 |
1 |
|
|a разрушение
|
| 610 |
1 |
|
|a механическое нагружение
|
| 610 |
1 |
|
|a микроструктуры
|
| 610 |
1 |
|
|a мезоструктуры
|
| 610 |
1 |
|
|a дислокациолнное скольжение
|
| 610 |
1 |
|
|a текучесть
|
| 610 |
1 |
|
|a формирование
|
| 700 |
|
1 |
|a Кульков
|b С. Н.
|c специалист в области материаловедения
|c профессор Томского политехнического университета, доктор физико-математических наук
|f 1952-
|g Сергей Николаевич
|2 stltpush
|3 (RuTPU)RU\TPU\pers\28994
|
| 801 |
|
1 |
|a RU
|b 63413507
|c 20060228
|g PSBO
|
| 801 |
|
2 |
|a RU
|b 63413507
|c 20160526
|g RCR
|
| 942 |
|
|
|c BK
|